| 000 | 00736cam a2200193 4500 | ||
|---|---|---|---|
| 001 | ABS60906 | ||
| 008 | 000000n1999 000 0 eng u | ||
| 035 | _a(Sirsi) u101435 | ||
| 100 | _aWatson, K. | ||
| 245 | _aDrawing on the pools of knowledge. | ||
| 260 | _c1999 | ||
| 490 |
_aContract Journal _v399(6235) 21 July 1999, 16-17(2) |
||
| 520 | _aReports on the progress of two pilot schemes trialling the concept of supply chain management and prime contracting. The projects, run by Amec and Laing, concern the construction of two army swimming pools. | ||
| 650 | _aSWIMMING POOLS | ||
| 650 | _aSUPPLY CHAIN MANAGEMENT | ||
| 650 | _aMANAGEMENT-PROJECT MANAGEMENT | ||
| 690 | _aBUILDING AND CONSTRUCTION-PROJECTS | ||
| 942 | _n0 | ||
| 999 |
_c60575 _d60575 |
||